000
00205nam a2200073Ia 4500
008
180219s9999 xx 000 0 und d
100
_a
Kalra Rajindra M
245
0
_a
Teaching And Luculating Healthy Life
260
_a
Shipra Publishing House
999
_c
41073
_d
41073